[Event "Lansing (MI Am/3)"]
[Site "?"]
[Date "1993.??.??"]
[Round "?"]
[White "Bezrutch, B."]
[Black "Scott, A."]
[Result "1-0"]
[WhiteElo "1605"]
[BlackElo "1605"]
[PlyCount "69"]
[EventDate "1993.??.??"]

1. e4 e5 2. Nf3 d6 3. d4 exd4 4. c3 dxc3 5. Nxc3 Bg4 6. Bc4 Nc6 7. O-O Nf6 8.
Bg5 Be7 9. Re1 O-O 10. Qd3 Nb4 11. Qe3 Nc2 12. Qe2 Nxa1 13. Rxa1 h6 14. Bd2 c6
15. Re1 Bxf3 16. gxf3 Nh5 17. Kh1 Bg5 18. Rg1 Bxd2 19. Qxd2 Qf6 20. Qe3 b5 21.
Bb3 a5 22. Ne2 Rfe8 23. Nd4 d5 24. Nf5 dxe4 25. Nxh6+ Kh7 26. Nxf7 Qxf3+ 27.
Qxf3 exf3 28. Ng5+ Kh8 29. Nf7+ Kh7 30. Ng5+ Kh6 31. Nf7+ Kh7 32. Ng5+ Kh8 33.
Nf7+ Kg8 34. Ne5+ Kf8 35. Ng6# 1-0

[Event "Flint (Class C/3)"]
[Site "?"]
[Date "1993.??.??"]
[Round "?"]
[White "Bezrutch, B."]
[Black "Rodriguez, Juan"]
[Result "0-1"]
[WhiteElo "1605"]
[BlackElo "1605"]
[PlyCount "66"]
[EventDate "1993.??.??"]

1. e4 e6 2. Nc3 d5 3. exd5 exd5 4. Nf3 Nf6 5. Be2 Bd6 6. d4 O-O 7. Bg5 c6 8.
O-O Bg4 9. Ne5 Bxe2 10. Qxe2 Re8 11. Rae1 Nbd7 12. f4 Qb6 13. Qd3 Qc7 14. Nxd7
Nxd7 15. Qg3 Nf8 16. Bh6 Ng6 17. Bg5 f6 18. Bh4 Nxf4 19. Qg4 Ng6 20. Bg3 Bxg3
21. hxg3 Qd6 22. Re2 Rxe2 23. Nxe2 Re8 24. Kf2 Qe7 25. Qf3 Qe4 26. Qxe4 Rxe4
27. c3 Ne7 28. Rd1 Kf7 29. Rd3 Nf5 30. Rf3 Nd6 31. Nf4 Re7 32. b3 Ne4+ 33. Kf1
Nd2+ 0-1

[Event "Flint (Class C/1)"]
[Site "?"]
[Date "1993.??.??"]
[Round "?"]
[White "Bezrutch, B."]
[Black "Nixon, Peter"]
[Result "0-1"]
[WhiteElo "1605"]
[BlackElo "1605"]
[PlyCount "56"]
[EventDate "1993.??.??"]

1. e4 c5 2. Nf3 Nc6 3. d4 cxd4 4. Nxd4 Nf6 5. Nc3 a6 6. Bd2 Nxd4 7. Be3 Nc6 8.
Bd3 e6 9. Bf4 Bb4 10. Qd2 O-O 11. O-O b5 12. Rae1 Bb7 13. Re3 e5 14. Bg5 Bxc3
15. bxc3 h6 16. Bxh6 gxh6 17. Rg3+ Kh7 18. Rh3 Ng8 19. f4 Qb6+ 20. Kh1 Rae8 21.
f5 f6 22. Rff3 Rf7 23. Rxh6+ Nxh6 24. Rh3 Rg7 25. Qxh6+ Kg8 26. Qxf6 Qf2 27. g3
Nd4 28. Qh6 Bxe4+ 0-1

[Event "Eastpointe (MI Action/2/29)"]
[Site "?"]
[Date "1993.??.??"]
[Round "?"]
[White "Bezrutch, B."]
[Black "Kane, Paul"]
[Result "0-1"]
[WhiteElo "1605"]
[BlackElo "1605"]
[PlyCount "54"]
[EventDate "1993.??.??"]

{2/(29)} 1. e4 c5 2. Nf3 Nc6 3. d4 cxd4 4. Nxd4 Nf6 5. Nc3 a6 6. Be2 d6 7. O-O
e6 8. Bg5 Be7 9. Qd2 O-O 10. Rfe1 Qc7 11. Rad1 b5 12. a3 Bb7 13. Nxc6 Bxc6 14.
Bxf6 Bxf6 15. Qxd6 Qxd6 16. Rxd6 Rac8 17. Bd3 Be5 18. Rxc6 Rxc6 19. Nd1 Rfc8
20. c3 Rd6 21. Bb1 Rd2 22. c4 Rxc4 23. Nc3 Bxc3 24. bxc3 Rxc3 25. f4 Rxa3 26.
f5 e5 27. Rc1 h6 0-1

[Event "Eastpointe (MI Action/5/10)"]
[Site "?"]
[Date "1993.??.??"]
[Round "?"]
[White "Bezrutch, B."]
[Black "Aldrich, Jeff"]
[Result "1-0"]
[WhiteElo "1605"]
[BlackElo "1950"]
[PlyCount "55"]
[EventDate "1993.??.??"]

{5/(10)} 1. e4 c6 2. d4 d5 3. Nc3 dxe4 4. Nxe4 Nd7 5. Nf3 e6 6. Bd3 Ngf6 7. O-O
Be7 8. Ne5 Nxe4 9. Bxe4 Nf6 10. Re1 O-O 11. Qd3 c5 12. c3 Qc7 13. Qg3 Nxe4 14.
Rxe4 Bd6 15. Qh3 cxd4 16. cxd4 Qc2 17. Qg4 f5 18. Qe2 Qxe4 19. Qd2 g6 20. f3
Qd5 21. Qg5 Bxe5 22. dxe5 Qxe5 23. Bf4 Qxb2 24. Re1 Bd7 25. Be5 Qxe5 26. Rxe5
Rac8 27. Qd2 Rfd8 28. Qb4 1-0

[Event "Lansing (MI Am/1)"]
[Site "?"]
[Date "1993.??.??"]
[Round "?"]
[White "Beydoun, N."]
[Black "Vorhauer, Sam"]
[Result "1-0"]
[WhiteElo "1925"]
[BlackElo "1605"]
[PlyCount "77"]
[EventDate "1993.??.??"]

1. e4 e5 2. Nf3 Nc6 3. Bb5 Nf6 4. O-O a6 5. Ba4 Be7 6. Re1 b5 7. Bb3 d6 8. c3
Na5 9. Bc2 c6 10. d4 Qc7 11. h3 Bb7 12. Nbd2 O-O 13. Nf1 Bc8 14. Ng3 Nb7 15.
Nh2 Rd8 16. f4 c5 17. Nf3 Nd7 18. Nf5 Kf8 19. Ng5 Bxg5 20. fxg5 g6 21. Nh6 Kg7
22. Rf1 f6 23. gxf6+ Nxf6 24. d5 Rf8 25. a4 b4 26. Qd2 bxc3 27. bxc3 Qe7 28. c4
Bd7 29. Ra3 Ng8 30. Raf3 Rxf3 31. Rxf3 Rf8 32. Nxg8 Rxf3 33. Nxe7 Rf6 34. Qh6+
Kh8 35. Bg5 Rf7 36. Nxg6+ Kg8 37. Ne7+ Kh8 38. Bf6+ Rxf6 39. Qxf6# 1-0

[Event "Lansing (MI Am/5)"]
[Site "?"]
[Date "1993.??.??"]
[Round "?"]
[White "Beydoun, N."]
[Black "Stockman, David"]
[Result "1-0"]
[WhiteElo "1925"]
[BlackElo "1660"]
[PlyCount "47"]
[EventDate "1993.??.??"]

1. e4 e6 2. d4 d5 3. Nd2 Nf6 4. e5 Nfd7 5. Bd3 c5 6. c3 Nc6 7. Ne2 cxd4 8. cxd4
f6 9. Nf4 Qe7 10. Qh5+ Kd8 11. Qh3 Ndxe5 12. dxe5 Nxe5 13. O-O g5 14. Ne2 f5
15. Nb3 f4 16. Bb1 Bg7 17. Ned4 Nc4 18. Qf3 Qf7 19. Bd3 e5 20. Bxc4 dxc4 21.
Nc6+ bxc6 22. Qxc6 Qb7 23. Rd1+ Bd7 24. Qxb7 1-0

[Event "Trenton (Mar)"]
[Site "?"]
[Date "1993.??.??"]
[Round "?"]
[White "Beydoun, N."]
[Black "Schmoldt, J."]
[Result "1-0"]
[WhiteElo "1970"]
[BlackElo "1800"]
[PlyCount "23"]
[EventDate "1993.??.??"]

1. e4 c5 2. Nf3 e6 3. d4 cxd4 4. Nxd4 a6 5. Nc3 Nc6 6. Be2 g6 7. Nxc6 bxc6 8.
Qd4 Qf6 9. e5 Qd8 10. Ne4 f5 11. exf6 Kf7 12. Ng5+ 1-0

[Event "Lansing (MI Am/3)"]
[Site "?"]
[Date "1993.??.??"]
[Round "?"]
[White "Beydoun, N."]
[Black "Sanborn, Richard"]
[Result "0-1"]
[WhiteElo "1925"]
[BlackElo "1810"]
[PlyCount "92"]
[EventDate "1993.??.??"]

1. e4 c5 2. Nf3 d6 3. d4 cxd4 4. Nxd4 Nf6 5. Nc3 a6 6. Bg5 Nbd7 7. f4 Qc7 8.
Be2 e6 9. Qd2 Be7 10. O-O-O O-O 11. Bf3 Rd8 12. g4 Rb8 13. h4 b5 14. Bxf6 Bxf6
15. g5 Bxd4 16. Qxd4 Nb6 17. h5 Qc4 18. h6 Qxd4 19. Rxd4 Bb7 20. hxg7 Kxg7 21.
Rd2 b4 22. Nd1 d5 23. e5 d4 24. Bxb7 Rxb7 25. Rdh2 Rh8 26. Nf2 Nd5 27. Nd3 a5
28. Rh4 Rc7 29. Kd2 Ne3 30. Ne1 Kg6 31. Rh6+ Kg7 32. Kd3 Ng4 33. Kxd4 Rd8+ 34.
Ke4 Nf2+ 35. Ke3 Nxh1 36. Rxh1 Rd1 37. Ke2 Rcd7 38. Ke3 Rc1 39. Ke2 Rdd1 40.
Rf1 Kg6 41. Kf2 Kf5 42. Ke2 Ke4 43. Kf2 Rd2+ 44. Kg3 Re2 45. Rh1 Rcxe1 46. Rxh7
Rg1+ 0-1

[Event "East Lansing (May)"]
[Site "?"]
[Date "1993.??.??"]
[Round "?"]
[White "Beydoun, N."]
[Black "Noren, Kevin"]
[Result "0-1"]
[WhiteElo "1970"]
[BlackElo "2275"]
[PlyCount "78"]
[EventDate "1993.??.??"]

1. e4 c5 2. Nf3 Nc6 3. d4 cxd4 4. Nxd4 g6 5. Be3 Bg7 6. Qd2 Nf6 7. Nc3 O-O 8.
f3 d5 9. O-O-O Nxd4 10. Bxd4 dxe4 11. Nxe4 Nxe4 12. fxe4 Bxd4 13. Qxd4 Bg4 14.
Qxd8 Rfxd8 15. Rxd8+ Rxd8 16. Bd3 e5 17. h3 Be6 18. Rd1 Kf8 19. Be2 Rxd1+ 20.
Bxd1 Ke7 21. a3 h5 22. h4 Kd6 23. Kd2 Bd7 24. c3 Be8 25. Ke3 f5 26. g3 Bf7 27.
b4 Ke7 28. Be2 b6 29. Bd1 Kf6 30. Bc2 Be8 31. Bd1 Bb5 32. Bf3 Bc6 33. Bg2 g5
34. Bf3 f4+ 35. gxf4 gxf4+ 36. Kf2 Kg6 37. c4 Be8 38. c5 bxc5 39. bxc5 Kf6 0-1

[Event "Trenton (Mar)"]
[Site "?"]
[Date "1993.??.??"]
[Round "?"]
[White "Beydoun, N."]
[Black "Gabbara, Faris"]
[Result "0-1"]
[WhiteElo "1970"]
[BlackElo "2195"]
[PlyCount "56"]
[EventDate "1993.??.??"]

1. e4 e5 2. Nf3 Nf6 3. d4 Nxe4 4. Bd3 d5 5. Nxe5 Nd7 6. c4 Bb4+ 7. Nd2 Nxf2 8.
Kxf2 Qh4+ 9. Kf1 Nxe5 10. dxe5 Bc5 11. Qe2 Bg4 12. Nf3 Bxf3 13. gxf3 O-O-O 14.
Be3 Qh3+ 15. Kf2 Be7 16. Bf4 dxc4 17. Bxc4 Bc5+ 18. Ke1 Bb4+ 19. Kf2 Rd4 20. e6
Rxf4 21. exf7 Qh4+ 22. Kg2 Rxc4 23. Qe8+ Qd8 24. Qxd8+ Rxd8 25. a3 Rc2+ 26. Kh3
Bd6 27. Rae1 Kd7 28. b4 Rf8 0-1

[Event "Lansing (MI Am/4)"]
[Site "?"]
[Date "1993.??.??"]
[Round "?"]
[White "Beydoun, M."]
[Black "Vaughn, Gerald"]
[Result "0-1"]
[WhiteElo "1605"]
[BlackElo "1605"]
[PlyCount "72"]
[EventDate "1993.??.??"]

1. e4 c5 2. Nf3 Nc6 3. d4 cxd4 4. Nxd4 Nf6 5. Nc3 e5 6. Nb3 Bb4 7. Bg5 Bxc3+ 8.
bxc3 d6 9. h3 a6 10. Qf3 b5 11. Bxf6 Qxf6 12. Qxf6 gxf6 13. O-O-O Ke7 14. c4
bxc4 15. Bxc4 Be6 16. Bd5 Rac8 17. Rd2 Nb4 18. Kb2 Nxd5 19. exd5 Bf5 20. g4 Be4
21. Rg1 h6 22. Rg3 Rc7 23. f3 Bg6 24. Rg1 Rhc8 25. Rc1 Rc3 26. Rf2 h5 27. a3 f5
28. g5 h4 29. Na1 f4 30. Rh1 Re3 31. Nb3 Rcc3 32. Rhf1 Bxc2 33. Rxc2 Rxb3+ 34.
Ka2 Rxa3+ 35. Kb2 Reb3+ 36. Kc1 Ra1+ 0-1

[Event "East Lansing (MOR/6/32)"]
[Site "?"]
[Date "1993.??.??"]
[Round "?"]
[White "Beydoun, M."]
[Black "Snuske, R."]
[Result "0-1"]
[WhiteElo "1605"]
[BlackElo "1605"]
[PlyCount "58"]
[EventDate "1993.??.??"]

{6/(32)} 1. e4 e5 2. Nf3 Nc6 3. Bb5 a6 4. Ba4 Nf6 5. O-O b5 6. Bb3 Be7 7. Qe2
d6 8. h3 O-O 9. c3 Bb7 10. Rd1 Nb8 11. Bc2 c5 12. d4 Nbd7 13. dxe5 dxe5 14.
Nxe5 Qc7 15. Nxd7 Nxd7 16. Nd2 Ne5 17. Nf3 Bd6 18. Kf1 Nxf3 19. Qxf3 f5 20. Qd3
Rad8 21. exf5 Be7 22. Qe2 Rxd1+ 23. Qxd1 Qh2 24. f3 Qh1+ 25. Kf2 Bh4+ 26. g3
Qh2+ 27. Kf1 Qxh3+ 28. Ke2 Bxf3+ 29. Kxf3 Qxg3+ 0-1

[Event "Trenton (Mar)"]
[Site "?"]
[Date "1993.??.??"]
[Round "?"]
[White "Beydoun, M."]
[Black "McNamara, Ron"]
[Result "0-1"]
[WhiteElo "1605"]
[BlackElo "1605"]
[PlyCount "36"]
[EventDate "1993.??.??"]

1. e4 e6 2. d4 d5 3. e5 c5 4. Bb5+ Bd7 5. Nc3 cxd4 6. Qxd4 Nc6 7. Bxc6 Bxc6 8.
f4 g6 9. g4 Qh4+ 10. Kf1 Qxg4 11. h3 Qf5 12. Rh2 Ne7 13. Qd3 Qxd3+ 14. cxd3 d4
15. Nce2 Nf5 16. b3 Rd8 17. Bb2 Bb5 18. Rd1 Ne3+ 0-1

[Event "East Lansing (May)"]
[Site "?"]
[Date "1993.??.??"]
[Round "?"]
[White "Beydoun, M."]
[Black "Harrison, T."]
[Result "0-1"]
[WhiteElo "1605"]
[BlackElo "1605"]
[PlyCount "52"]
[EventDate "1993.??.??"]

1. e4 c5 2. Nf3 d6 3. d4 cxd4 4. Nxd4 Nf6 5. Nc3 e6 6. Bd3 Be7 7. O-O O-O 8. f4
Nc6 9. Be3 Qb6 10. Bb5 e5 11. Nxc6 Qxe3+ 12. Rf2 bxc6 13. Bxc6 Rb8 14. fxe5 Ng4
15. Qe2 Qc5 16. Nd5 dxe5 17. Nxe7+ Qxe7 18. b3 Nxf2 19. Qxf2 Rb6 20. Bd5 Bb7
21. c4 Bxd5 22. exd5 Rf6 23. Qe3 e4 24. c5 Qe5 25. Rd1 Qf4 26. Qxf4 Rxf4 $138
0-1

[Event "East Lansing (MOR/2/22)"]
[Site "?"]
[Date "1993.??.??"]
[Round "?"]
[White "Beydoun, M."]
[Black "Drysdale, Gilbert"]
[Result "0-1"]
[WhiteElo "1605"]
[BlackElo "1655"]
[PlyCount "34"]
[EventDate "1993.??.??"]

{2/(22)} 1. e4 d5 2. exd5 Nf6 3. c4 e6 4. dxe6 Bxe6 5. Nf3 Nc6 6. d4 Bb4+ 7.
Bd2 Qe7 8. Bxb4 Nxb4 9. Ne5 Bf5 10. Na3 O-O-O 11. Be2 c5 12. Nf3 Rhe8 13. Kf1
cxd4 14. Qd2 d3 15. Bd1 Nc2 16. Bxc2 dxc2 17. Nd4 Rxd4 0-1

[Event "Lansing (MI Am/1)"]
[Site "?"]
[Date "1993.??.??"]
[Round "?"]
[White "Beydoun, M."]
[Black "Collins, Charles"]
[Result "1/2-1/2"]
[WhiteElo "1605"]
[BlackElo "1725"]
[PlyCount "59"]
[EventDate "1993.??.??"]

1. e4 Nf6 2. Nc3 d6 3. d4 g6 4. Bf4 Bg7 5. Qd2 c6 6. O-O-O b5 7. e5 dxe5 8.
dxe5 Qxd2+ 9. Rxd2 Nh5 10. Be3 Bxe5 11. g3 Bxc3 12. bxc3 Be6 13. Kb2 Bd5 14. f3
Nd7 15. Be2 Nhf6 16. Nh3 Ne5 17. Rf1 Nc4+ 18. Bxc4 Bxc4 19. Rfd1 Bd5 20. Ng1
Nd7 21. f4 Nb6 22. Bxb6 axb6 23. a3 e6 24. Nh3 f6 25. Nf2 Ke7 26. Ng4 Bf3 27.
Rd7+ Kf8 28. Rd8+ Rxd8 29. Rxd8+ Kg7 30. Rxh8 1/2-1/2

[Event "Trenton (Mar)"]
[Site "?"]
[Date "1993.??.??"]
[Round "?"]
[White "Beydoun, M."]
[Black "Clark, M."]
[Result "0-1"]
[WhiteElo "1605"]
[BlackElo "1605"]
[PlyCount "102"]
[EventDate "1993.??.??"]

1. e4 c5 2. Nf3 Nc6 3. d4 cxd4 4. Nxd4 Nf6 5. Nc3 e6 6. Nxc6 bxc6 7. e5 Nd5 8.
Nxd5 cxd5 9. Bd3 Rb8 10. b3 Bb4+ 11. Bd2 Bc5 12. c3 O-O 13. b4 Bb6 14. O-O d6
15. exd6 Qxd6 16. Re1 Bc7 17. g3 Bb7 18. Bf4 Qc6 19. Bb5 Qxb5 20. Bxc7 Rbc8 21.
Bd6 Rfe8 22. Qd4 Rc4 23. Qxa7 Rxc3 24. Rec1 d4 25. Qxd4 Rxc1+ 26. Rxc1 Qh5 27.
Qd1 Bf3 28. Rc5 Bxd1 29. Rxh5 Bxh5 30. a4 Be2 31. f4 Rc8 32. b5 Ra8 33. b6 Bf3
34. Kf2 Bb7 35. Ke3 Rxa4 36. Kd3 Ra2 37. Kd4 Rxh2 38. Bc7 Kf8 39. Kc5 Rc2+ 40.
Kd6 Rd2+ 41. Kc5 Ke8 42. Kb5 Kd7 43. Kc5 Rd3 44. g4 Rd5+ 45. Kc4 Kc6 46. g5 Rf5
47. Kd4 Rd5+ 48. Kc4 Rc5+ 49. Kd4 e5+ 50. fxe5 h6 51. gxh6 gxh6 0-1

[Event "East Lansing (MOR/4/44)"]
[Site "?"]
[Date "1993.??.??"]
[Round "?"]
[White "Beydoun, M."]
[Black "Biondo, Anthony"]
[Result "1-0"]
[WhiteElo "1605"]
[BlackElo "1605"]
[PlyCount "105"]
[EventDate "1993.??.??"]

{4/(44)} 1. e4 e5 2. Nf3 d6 3. h3 Nf6 4. Nc3 Be6 5. d4 exd4 6. Nxd4 Bd7 7. Bg5
h6 8. Bxf6 Qxf6 9. Nd5 Qd8 10. Qd2 c6 11. Nc3 c5 12. Ndb5 Be7 13. Nxd6+ Bxd6
14. Qxd6 Nc6 15. Bb5 Nb4 16. Bxd7+ Qxd7 17. Qxd7+ Kxd7 18. O-O-O+ Kc7 19. a3
Nc6 20. Nd5+ Kb8 21. Rd2 Rd8 22. Rhd1 a6 23. Ne7 Nxe7 24. Rxd8+ Ka7 25. Rxa8+
Kxa8 26. Rd7 Ng6 27. Rxf7 Nh4 28. Rxg7 Kb8 29. g4 Ng2 30. Rd7 Kc8 31. Rd2 Ne1
32. f4 Nf3 33. Rf2 Nh4 34. g5 Kd7 35. e5 Ke7 36. Kd2 Kf8 37. Kd3 b6 38. b4 cxb4
39. axb4 a5 40. bxa5 bxa5 41. Kc3 a4 42. Kb4 a3 43. Kxa3 Kf7 44. Kb4 h5 45. Kc5
Kf8 46. Kc6 Ke7 47. Kc7 Kf8 48. Kd7 Kf7 49. c4 Kf8 50. c5 Kf7 51. c6 Kf8 52. c7
Kf7 53. c8=Q 1-0

[Event "Eastpointe (EDO/3/19)"]
[Site "?"]
[Date "1993.??.??"]
[Round "?"]
[White "Berry, M."]
[Black "Puryear, Douglas"]
[Result "0-1"]
[WhiteElo "1605"]
[BlackElo "1605"]
[PlyCount "70"]
[EventDate "1993.??.??"]

{3/(19)} 1. e4 e5 2. Qf3 Nc6 3. Nh3 d6 4. Nc3 Nd4 5. Qd3 Be7 6. Be2 Bxh3 7.
gxh3 Bh4 8. Rf1 a6 9. Bg4 b5 10. Rg1 c5 11. Bd1 Qf6 12. Rg2 c4 13. Qe3 Ne7 14.
Nd5 Nxd5 15. exd5 Qe7 16. d3 h6 17. dxc4 Bg5 18. Qe4 Bxc1 19. Bf3 Bxb2 20. Rb1
Bc3+ 21. Kd1 b4 22. Qg4 Qf6 23. Be4 g5 24. h4 Qf4 25. Qxf4 gxf4 26. h5 f5 27.
Bd3 e4 28. Bf1 Nf3 29. Ke2 Nd2 30. Rd1 f3+ 31. Ke3 fxg2 32. Bxg2 Ke7 33. Bh3
Kf6 34. Kf4 Rhg8 35. Bxf5 Be5+ 0-1

[Event "Lansing (MI Am/1)"]
[Site "?"]
[Date "1993.??.??"]
[Round "?"]
[White "Berger, Byron"]
[Black "Stockman, David"]
[Result "1-0"]
[WhiteElo "1605"]
[BlackElo "1660"]
[PlyCount "45"]
[EventDate "1993.??.??"]

1. e4 e6 2. d4 d5 3. Bd3 dxe4 4. Bxe4 Nf6 5. Nc3 Bb4 6. Qd3 Nxe4 7. Qxe4 c5 8.
dxc5 Bxc3+ 9. bxc3 Qc7 10. Be3 Na6 11. Ne2 Bd7 12. O-O O-O 13. Rfd1 Bc6 14. Qg4
Qa5 15. Bd4 g6 16. Qg5 f5 17. Qe7 Rf7 18. Qxe6 Re8 19. Qc4 Bb5 20. Qd5 Rxe2 21.
Re1 Rxe1+ 22. Rxe1 Bc6 23. Qe5 1-0

[Event "Lansing (MI Am/2)"]
[Site "?"]
[Date "1993.??.??"]
[Round "?"]
[White "Berger, Byron"]
[Black "Jointer, William"]
[Result "0-1"]
[WhiteElo "1605"]
[BlackElo "1720"]
[PlyCount "46"]
[EventDate "1993.??.??"]

1. e4 c5 2. d4 cxd4 3. c3 d6 4. cxd4 Nf6 5. Nc3 g6 6. f4 Bg7 7. Nf3 O-O 8. e5
dxe5 9. fxe5 Nd5 10. Bc4 Be6 11. Qb3 Nxc3 12. Bxe6 Ne4 13. Bd5 Qa5+ 14. Bd2
Nxd2 15. Nxd2 Nc6 16. Bxc6 bxc6 17. Qc3 Qb6 18. Nf3 Rab8 19. O-O Qxb2 20. Qxc6
Rfc8 21. Qxc8+ Rxc8 22. Rab1 Qxa2 23. Rfc1 Rxc1+ 0-1

[Event "Lansing (MI Am/5)"]
[Site "?"]
[Date "1993.??.??"]
[Round "?"]
[White "Berger, Byron"]
[Black "Chamberlain, P."]
[Result "0-1"]
[WhiteElo "1605"]
[BlackElo "1605"]
[PlyCount "48"]
[EventDate "1993.??.??"]

1. e4 c5 2. d4 cxd4 3. c3 dxc3 4. Nxc3 Nc6 5. f4 e6 6. Nf3 a6 7. Bc4 b5 8. Bb3
Bc5 9. Qd3 Nge7 10. Be3 Bxe3 11. Qxe3 O-O 12. O-O d6 13. Rfd1 Qc7 14. a4 b4 15.
Ne2 Bb7 16. Rac1 Rac8 17. Ned4 Qb8 18. f5 Nxd4 19. Qxd4 exf5 20. exf5 Nxf5 21.
Qd3 Qa7+ 22. Kh1 Rxc1 23. Rxc1 Qe3 24. Bxf7+ Rxf7 0-1

[Event "Troy (TCC/DEU/1a/1)"]
[Site "?"]
[Date "1993.??.??"]
[Round "?"]
[White "Bensek, R."]
[Black "Pontoni, M."]
[Result "0-1"]
[WhiteElo "1605"]
[BlackElo "1605"]
[PlyCount "62"]
[EventDate "1993.??.??"]

1. c4 Nf6 2. Nc3 g6 3. Nf3 Bg7 4. g3 c5 5. Bg2 Nc6 6. O-O d6 7. d3 Be6 8. Bg5
Qd7 9. e4 Bg4 10. Qd2 h6 11. Be3 Bxf3 12. Bxf3 h5 13. Bg5 Qh3 14. Bg2 Qg4 15.
Nd5 Nxd5 16. cxd5 Nd4 17. f3 Qd7 18. Rab1 f6 19. Be3 h4 20. g4 h3 21. Bh1 f5
22. Qf2 fxg4 23. fxg4 Qxg4+ 24. Bg2 Ne2+ 25. Kh1 hxg2+ 26. Qxg2 Ng3+ 27. Qxg3
Qxg3 28. Bg1 Bd4 29. Rf8+ Kxf8 30. Rf1+ Ke8 31. Bxd4 Qxh2# 0-1

[Event "Flint (Class DE/4)"]
[Site "?"]
[Date "1993.??.??"]
[Round "?"]
[White "Bensek, R."]
[Black "Mihelich, John"]
[Result "0-1"]
[WhiteElo "1605"]
[BlackElo "1605"]
[PlyCount "66"]
[EventDate "1993.??.??"]

1. c4 e5 2. Nc3 Nf6 3. e3 Nc6 4. g3 Be7 5. Bg2 O-O 6. Nge2 h6 7. O-O Nh7 8. d4
exd4 9. Nxd4 Nxd4 10. exd4 d6 11. Bf4 Rb8 12. Re1 Bg5 13. Qd2 Qd7 14. Rad1 Bxf4
15. Qxf4 Ng5 16. Qh4 b6 17. Ne4 Bb7 18. d5 Nxe4 19. Bxe4 f5 20. Bg2 Rf6 21. Qh5
Rbf8 22. Bh3 Qa4 23. Qe2 f4 24. Be6+ Kh8 25. b3 Qe8 26. Qg4 Rg6 27. Qe2 Rgf6
28. Bg4 Qg6 29. f3 h5 30. Be6 fxg3 31. h3 Rxf3 32. Qe4 Rf1+ 33. Kg2 R8f2# 0-1

[Event "Troy (TCC/DEU/3/11)"]
[Site "?"]
[Date "1993.??.??"]
[Round "?"]
[White "Bensek, R."]
[Black "Hartwig, W."]
[Result "1-0"]
[WhiteElo "1605"]
[BlackElo "1605"]
[PlyCount "70"]
[EventDate "1993.??.??"]

{3/(11)} 1. c4 c5 2. Nc3 g6 3. g3 Bg7 4. Bg2 Nf6 5. Nf3 O-O 6. d3 b6 7. Ng5 Nc6
8. Bf4 h6 9. Nge4 Nxe4 10. Bxe4 f5 11. Bg2 a6 12. h4 e6 13. Qd2 Qe8 14. Bxh6 e5
15. Bxg7 Kxg7 16. Nd5 Qd8 17. h5 Rh8 18. h6+ Kf7 19. f4 Rb8 20. fxe5 Nxe5 21.
Qf4 Qe8 22. Qd2 Qf8 23. O-O-O Ng4 24. Rdf1 Bb7 25. e4 Nxh6 26. Qg5 Kg7 27. exf5
Nxf5 28. Rxh8 Kxh8 29. Qxg6 Qg7 30. Rh1+ Kg8 31. Qxf5 Rf8 32. Qe4 Rf2 33. Qe8+
Rf8 34. Nf6+ Qxf6 35. Qh5 Bxg2 1-0

[Event "Flint (Class DE/3)"]
[Site "?"]
[Date "1993.??.??"]
[Round "?"]
[White "Bensek, R."]
[Black "Harrell, J."]
[Result "1-0"]
[WhiteElo "1605"]
[BlackElo "1605"]
[PlyCount "115"]
[EventDate "1993.??.??"]

1. c4 Nf6 2. Nc3 d6 3. e3 g6 4. g3 Bg7 5. Bg2 O-O 6. Nge2 Nbd7 7. O-O c6 8. d4
Qc7 9. b3 Nb6 10. c5 dxc5 11. dxc5 Nbd5 12. Bb2 Bg4 13. Qd2 Bxe2 14. Qxe2 Rfd8
15. Rad1 e6 16. e4 Nxc3 17. Bxc3 e5 18. f4 Rxd1 19. Qxd1 Qd7 20. Bxe5 Qxd1 21.
Rxd1 Ng4 22. Rd7 Bxe5 23. fxe5 Nxe5 24. Rxb7 a5 25. Re7 f6 26. Bh3 Nf3+ 27. Kg2
Ng5 28. Bd7 Kf8 29. Bxc6 Kxe7 30. Bxa8 Kd7 31. a3 Ne6 32. b4 axb4 33. axb4 Nc7
34. Bd5 Na6 35. c6+ Kc7 36. b5 Nb4 37. Kf3 h5 38. h4 Nc2 39. Bf7 Nd4+ 40. Ke3
Nxb5 41. Bxg6 Kxc6 42. Bxh5 Kd6 43. Bg6 Ke7 44. h5 Kf8 45. h6 Kg8 46. Kf4 Nd6
47. e5 fxe5+ 48. Kxe5 Nf7+ 49. Bxf7+ Kxf7 50. Kf5 Kg8 51. Kg6 Kh8 52. g4 Kg8
53. g5 Kh8 54. Kf6 Kg8 55. g6 Kh8 56. g7+ Kg8 57. h7+ Kxh7 58. Kf7 1-0

[Event "Troy (TCC/DEU/4/3)"]
[Site "?"]
[Date "1993.??.??"]
[Round "?"]
[White "Bensek, A."]
[Black "Mansour, K."]
[Result "0-1"]
[WhiteElo "1605"]
[BlackElo "1605"]
[PlyCount "54"]
[EventDate "1993.??.??"]

{4/(3)} 1. c4 Nf6 2. Nc3 e6 3. Nf3 Nc6 4. g3 Bb4 5. Bg2 O-O 6. O-O d5 7. cxd5
exd5 8. d4 Be6 9. Bf4 Qd7 10. Nb5 Bd6 11. Nxd6 cxd6 12. Rc1 Rac8 13. Re1 Nh5
14. Qd2 Ne7 15. e4 dxe4 16. Rxe4 Nf6 17. Re3 Ned5 18. Ra3 Ne4 19. Qe1 Nxf4 20.
gxf4 Bh3 21. Bxh3 Qxh3 22. Ng5 Nxg5 23. Rxh3 Nxh3+ 24. Kf1 Rfe8 25. Rxc8 Rxc8
26. Qe7 Nxf4 27. Qxb7 Rc1# 0-1

[Event "Flint (Class DE/4)"]
[Site "?"]
[Date "1993.??.??"]
[Round "?"]
[White "Bensek, A."]
[Black "Mannor, Keith"]
[Result "0-1"]
[WhiteElo "1605"]
[BlackElo "1605"]
[PlyCount "98"]
[EventDate "1993.??.??"]

1. c4 e5 2. Nc3 Bc5 3. e3 Nc6 4. g3 d6 5. Bg2 Nge7 6. Nge2 Bg4 7. O-O Qd7 8.
Qb3 Na5 9. Qa4 Qxa4 10. Nxa4 Bxe2 11. Re1 Bxc4 12. b3 Bb5 13. Bb2 Bc6 14. Rad1
Bxg2 15. Kxg2 Nac6 16. d4 exd4 17. exd4 Bb4 18. Bc3 Bxc3 19. Nxc3 Nb4 20. Re2
Kd7 21. d5 Rhe8 22. h4 Ng6 23. Rde1 a6 24. f3 Rxe2+ 25. Rxe2 Re8 26. Rd2 a5 27.
a3 Na6 28. Rb2 Re3 29. Nb5 Rd3 30. h5 Ne7 31. g4 Nxd5 32. a4 Nc5 33. Kg3 Rxb3
34. Rd2 Ne4+ 35. Kg2 Nxd2 36. Kf2 Nxf3 37. Ke2 c6 38. Na7 Nf4+ 39. Kf2 Nd4 40.
g5 h6 41. g6 fxg6 42. hxg6 h5 43. Kg1 Rb2 44. Kf1 h4 45. Kg1 h3 46. Nb5 cxb5
47. axb5 Nf3+ 48. Kf1 h2 49. b6 h1=Q# 0-1

[Event "Flint (Class DE/2)"]
[Site "?"]
[Date "1993.??.??"]
[Round "?"]
[White "Bensek, A."]
[Black "Ketz, J."]
[Result "1-0"]
[WhiteElo "1605"]
[BlackElo "1605"]
[PlyCount "120"]
[EventDate "1993.??.??"]

1. c4 c5 2. Nc3 Nc6 3. g3 e5 4. Bg2 Nf6 5. e4 g6 6. Nge2 Bg7 7. O-O O-O 8. d3
d6 9. Bg5 b6 10. Nd5 Be6 11. Nec3 Bg4 12. f3 Be6 13. Nb5 Bxd5 14. cxd5 Nd4 15.
Nxd4 cxd4 16. Rc1 Qd7 17. Qb3 Rac8 18. Rc4 Rfe8 19. Rfc1 b5 20. Rc6 Rxc6 21.
Rxc6 Rc8 22. Qc2 Rd8 23. Rc7 Qe8 24. Rxa7 Rc8 25. Rc7 Rb8 26. Bh3 Qd8 27. Rc8
Rxc8 28. Bxc8 Qe8 29. Qc7 Qf8 30. b3 Ne8 31. Qd8 Bh6 32. Bxh6 Qxh6 33. Qxe8+
Qf8 34. Bd7 b4 35. Qc8 Qxc8 36. Bxc8 f6 37. Ba6 Kf8 38. Bc4 Ke8 39. Kf1 Kd8 40.
Ke2 g5 41. Kd2 Kc7 42. Kc2 Kb6 43. a3 Ka5 44. Kb2 bxa3+ 45. Kxa3 h5 46. b4+ Kb6
47. Ka4 h4 48. gxh4 gxh4 49. h3 Kb7 50. Kb5 Kc7 51. Ka6 Kb8 52. b5 Kc8 53. b6
Kd7 54. b7 Ke7 55. b8=Q Kf7 56. Qxd6 Kg6 57. Qf8 Kg5 58. Bb5 Kf4 59. Qxf6+ Kg3
60. Bd7 Kg2 1-0

[Event "Westland (MI Women/2/3)"]
[Site "?"]
[Date "1993.??.??"]
[Round "?"]
[White "Bensek, A."]
[Black "Jackson, K."]
[Result "1-0"]
[WhiteElo "1605"]
[BlackElo "1605"]
[PlyCount "69"]
[EventDate "1993.??.??"]

{2/(3)} 1. c4 d5 2. cxd5 Qxd5 3. Nc3 Qa5 4. e4 c6 5. d4 e6 6. Nf3 Nf6 7. Bd2
Bb4 8. Rc1 Bxc3 9. Bxc3 Qxa2 10. Ra1 Qxa1 11. Qxa1 Nxe4 12. Bd3 Nxc3 13. bxc3
O-O 14. O-O Nd7 15. Qd1 c5 16. Ne5 cxd4 17. cxd4 Nxe5 18. dxe5 Rd8 19. Qf3 Kf8
20. Bxh7 g6 21. Bxg6 Rd7 22. Rc1 Kg8 23. Qf6 fxg6 24. Qxe6+ Kh7 25. Qf6 b6 26.
h4 Bb7 27. Rc3 Rg7 28. Rg3 Kg8 29. Qe6+ Kh7 30. Rg5 Be4 31. f4 Rd8 32. h5 Rd1+
33. Kh2 Rd2 34. h6 Kxh6 35. Qh3# 1-0

[Event "Troy (TCC/DEU/1a/8)"]
[Site "?"]
[Date "1993.??.??"]
[Round "?"]
[White "Bensek, A."]
[Black "Hartwig, Thomas"]
[Result "1-0"]
[WhiteElo "1605"]
[BlackElo "1605"]
[PlyCount "59"]
[EventDate "1993.??.??"]

1. c4 Nf6 2. Nc3 e6 3. Nf3 Be7 4. g3 O-O 5. Bg2 d5 6. cxd5 exd5 7. d4 c5 8. O-O
cxd4 9. Nxd4 Bc5 10. Bg5 Be6 11. Ndb5 d4 12. Bxb7 dxc3 13. Qxd8 Rxd8 14. Bxa8
cxb2 15. Rab1 Na6 16. Bc6 Nb4 17. Bxf6 gxf6 18. Be4 Bd4 19. Rfd1 Bxa2 20. Rxb2
Bxf2+ 21. Kxf2 Rxd1 22. Rxb4 Rd7 23. Ra4 Bd5 24. Bxd5 Rxd5 25. Nxa7 Rd8 26.
Rg4+ Kf8 27. Nc6 Rd7 28. Rf4 Rd6 29. Nd4 Kg7 30. Nf5+ 1-0